=LDR 00000nam 2200000 4500 =001 INLIS000000000005068 =005 20130612093325 =008 ***********************************Ind** =035 ##$$0010-061300000005068 =041 ##$$a Ind =082 ##$$a 338.095 2 =090 ##$$a 338.095 2, Kun s =100 ##$$a KUNIO, Yoshihara =245 ##$$a Sogo Shosha, Pemandu kemajuan ekonomi Jepang, Yoshihara Kunio; Alih bahasa, A. Sandiwan Suharto =260 ##$$a 1987 $b Jakarta =300 ##$$a xviii, 408 hlm, ilus, 21 cm =650 ##$$a Industri Jepang =650 ##$$a Sejarah =700 ##$$a SUHARTO, Sandiwan =850 ##$$a NBPNMAT